<?xml version="1.0" encoding="UTF-8"?>
<record
    xmlns:xsi="http://www.w3.org/2001/XMLSchema-instance"
    xsi:schemaLocation="http://www.loc.gov/MARC21/slim http://www.loc.gov/standards/marcxml/schema/MARC21slim.xsd"
    xmlns="http://www.loc.gov/MARC21/slim">

  <leader>00884nam a22001577a 4500</leader>
  <controlfield tag="003">OSt</controlfield>
  <controlfield tag="005">20190123161419.0</controlfield>
  <controlfield tag="008">190123b        xxu||||| |||| 00| 0 eng d</controlfield>
  <datafield tag="040" ind1=" " ind2=" ">
    <subfield code="c">RUA</subfield>
  </datafield>
  <datafield tag="082" ind1=" " ind2=" ">
    <subfield code="a">AGR SOM 2014 B625 Or.1</subfield>
  </datafield>
  <datafield tag="100" ind1=" " ind2=" ">
    <subfield code="9">13433</subfield>
    <subfield code="a">SOM SORPHEA &#x200B; &#x179F;&#x17C6;&#x200B; &#x179F;&#x17C4;&#x1797;&#x17B6;</subfield>
  </datafield>
  <datafield tag="245" ind1=" " ind2=" ">
    <subfield code="a">comparison of difference nitrogen quanlity mix phosphorus (60) potassium (15) on phka rumduol variety at osaray commune, tramkork district, takeo province &#x1780;&#x17B6;&#x179A;&#x1794;&#x17D2;&#x179A;&#x17C0;&#x1794;&#x1792;&#x17C0;&#x1794;&#x1794;&#x179A;&#x17B7;&#x1798;&#x17B6;&#x178E;&#x17A2;&#x17B6;&#x179F;&#x17BC;&#x178F;&#x1781;&#x17BB;&#x179F;&#x17D7;&#x1782;&#x17D2;&#x1793;&#x17B6;&#x1787;&#x17B6;&#x1798;&#x17BD;&#x1799;&#x1795;&#x17BC;&#x179F;&#x17D0;&#x179A;&#x17E6;&#x17E0; &#x1794;&#x17C9;&#x17BC;&#x178F;&#x17B6;&#x179F;&#x17D2;&#x1799;&#x17BC;&#x1798; &#x17E1;&#x17E5; &#x1793;&#x17C5;&#x179B;&#x17BE;&#x1796;&#x17BC;&#x1787;&#x179F;&#x17D2;&#x179A;&#x17BC;&#x179C;&#x1795;&#x17D2;&#x1780;&#x17B6;&#x179A;&#x17C6;&#x178A;&#x17BD;&#x179B;&#x1793;&#x17C5;&#x1783;&#x17BB;&#x17C6;&#x17A2;&#x17BC;&#x179A;&#x179F;&#x17B6;&#x179A;&#x17B6;&#x1799; &#x179F;&#x17D2;&#x179A;&#x17BB;&#x1780;&#x178F;&#x17D2;&#x179A;&#x17B6;&#x17C6;&#x1780;&#x1780;&#x17CB; &#x1781;&#x17C1;&#x178F;&#x17D2;&#x178F;&#x178F;&#x17B6;&#x1780;&#x17C2;&#x179C; </subfield>
  </datafield>
  <datafield tag="260" ind1=" " ind2=" ">
    <subfield code="a">Phnom Penh </subfield>
    <subfield code="b">RUA</subfield>
    <subfield code="c">2014</subfield>
  </datafield>
  <datafield tag="300" ind1=" " ind2=" ">
    <subfield code="a">x;49p</subfield>
    <subfield code="b">ill;</subfield>
    <subfield code="c">29cm;</subfield>
  </datafield>
  <datafield tag="942" ind1=" " ind2=" ">
    <subfield code="2">ddc</subfield>
    <subfield code="c">AGR</subfield>
  </datafield>
  <datafield tag="999" ind1=" " ind2=" ">
    <subfield code="c">17772</subfield>
    <subfield code="d">17772</subfield>
  </datafield>
  <datafield tag="952" ind1=" " ind2=" ">
    <subfield code="0">0</subfield>
    <subfield code="1">0</subfield>
    <subfield code="2">ddc</subfield>
    <subfield code="4">0</subfield>
    <subfield code="6">AGR_SOM_2014_000000000000000_B625_OR_1</subfield>
    <subfield code="7">0</subfield>
    <subfield code="9">77961</subfield>
    <subfield code="a">LBB</subfield>
    <subfield code="b">LBB</subfield>
    <subfield code="c">B625</subfield>
    <subfield code="d">2019-01-23</subfield>
    <subfield code="o">AGR SOM 2014 B625 Or.1</subfield>
    <subfield code="p">A40170</subfield>
    <subfield code="r">2019-01-23</subfield>
    <subfield code="w">2019-01-23</subfield>
    <subfield code="y">AGR</subfield>
  </datafield>
  <datafield tag="952" ind1=" " ind2=" ">
    <subfield code="0">0</subfield>
    <subfield code="1">0</subfield>
    <subfield code="2">ddc</subfield>
    <subfield code="4">0</subfield>
    <subfield code="6">AGR_SOM_2014_000000000000000_B625_OR_2</subfield>
    <subfield code="7">0</subfield>
    <subfield code="9">77962</subfield>
    <subfield code="a">LBB</subfield>
    <subfield code="b">LBB</subfield>
    <subfield code="c">B625</subfield>
    <subfield code="d">2019-01-23</subfield>
    <subfield code="o">AGR SOM 2014 B625 Or.2</subfield>
    <subfield code="p">A40740</subfield>
    <subfield code="r">2019-01-23</subfield>
    <subfield code="w">2019-01-23</subfield>
    <subfield code="y">AGR</subfield>
  </datafield>
  <datafield tag="952" ind1=" " ind2=" ">
    <subfield code="0">0</subfield>
    <subfield code="1">0</subfield>
    <subfield code="2">ddc</subfield>
    <subfield code="4">0</subfield>
    <subfield code="6">AGR_SOM_2014_000000000000000_B625_OR_3</subfield>
    <subfield code="7">0</subfield>
    <subfield code="9">77963</subfield>
    <subfield code="a">LBB</subfield>
    <subfield code="b">LBB</subfield>
    <subfield code="c">B625</subfield>
    <subfield code="d">2019-01-23</subfield>
    <subfield code="o">AGR SOM 2014 B625 Or.3</subfield>
    <subfield code="p">A40792</subfield>
    <subfield code="r">2019-01-23</subfield>
    <subfield code="w">2019-01-23</subfield>
    <subfield code="y">AGR</subfield>
  </datafield>
  <datafield tag="952" ind1=" " ind2=" ">
    <subfield code="0">0</subfield>
    <subfield code="1">0</subfield>
    <subfield code="2">ddc</subfield>
    <subfield code="4">0</subfield>
    <subfield code="6">AGR_SOM_2014_000000000000000_B625_OR_4</subfield>
    <subfield code="7">0</subfield>
    <subfield code="9">77964</subfield>
    <subfield code="a">LBB</subfield>
    <subfield code="b">LBB</subfield>
    <subfield code="c">B625</subfield>
    <subfield code="d">2019-01-23</subfield>
    <subfield code="o">AGR SOM 2014 B625 Or.4</subfield>
    <subfield code="p">A41736</subfield>
    <subfield code="r">2019-01-23</subfield>
    <subfield code="w">2019-01-23</subfield>
    <subfield code="y">AGR</subfield>
  </datafield>
  <datafield tag="952" ind1=" " ind2=" ">
    <subfield code="0">0</subfield>
    <subfield code="1">0</subfield>
    <subfield code="2">ddc</subfield>
    <subfield code="4">0</subfield>
    <subfield code="6">AGR_SOM_2014_000000000000000_B625_OR_5</subfield>
    <subfield code="7">0</subfield>
    <subfield code="9">77965</subfield>
    <subfield code="a">LBB</subfield>
    <subfield code="b">LBB</subfield>
    <subfield code="c">B625</subfield>
    <subfield code="d">2019-01-23</subfield>
    <subfield code="o">AGR SOM 2014 B625 Or.5</subfield>
    <subfield code="p">A39893</subfield>
    <subfield code="r">2019-01-23</subfield>
    <subfield code="w">2019-01-23</subfield>
    <subfield code="y">AGR</subfield>
  </datafield>
  <datafield tag="952" ind1=" " ind2=" ">
    <subfield code="0">0</subfield>
    <subfield code="1">0</subfield>
    <subfield code="2">ddc</subfield>
    <subfield code="4">0</subfield>
    <subfield code="6">AGR_SOM_2014_000000000000000_B625_OR_6</subfield>
    <subfield code="7">0</subfield>
    <subfield code="9">77966</subfield>
    <subfield code="a">LBB</subfield>
    <subfield code="b">LBB</subfield>
    <subfield code="c">B625</subfield>
    <subfield code="d">2019-01-23</subfield>
    <subfield code="o">AGR SOM 2014 B625 Or.6</subfield>
    <subfield code="p">A41951</subfield>
    <subfield code="r">2019-01-23</subfield>
    <subfield code="w">2019-01-23</subfield>
    <subfield code="y">AGR</subfield>
  </datafield>
</record>
